Normal view MARC view

Entry Nombre corporativo

Number of records used in: 1

001 - NÚMERO DE CONTROL

  • campo de control: 1076

003 - IDENTIFICADOR DE NÚMERO DE CONTROL

  • campo de control: OSt

005 - FECHA Y HORA DE LA ÚLTIMA TRANSACCIÓN

  • campo de control: 20221005154859.0

008 - ELEMENTOS DE DATO DE LONGITUD-FIJA

  • campo de control de longitud fija: 221005|| aca||aabn | a|a d

040 ## - FUENTE DE CATALOGACIÓN

  • Centro catalogador/agencia de origen: OSt
  • Centro/agencia transcriptor: OSt

110 ## - ENCABEZAMIENTO-NOMBRE DE ENTIDAD CORPORATIVA

  • Nombre de entidad corporativa o nombre de jurisdicción como elemento de entrada: JORNADAS INTERNACIONALES SOBRE EL PAPEL DE LA ERGONOMIA EN LA INTRODUCCION DE NUEVAS TECNOLOGICAS EN LA EMPRESA, PROBLEMAS Y SOLUCIONES
  • Fecha del congreso o de la firma del tratado: 1988
  • Sede del congreso/Lugar de la reunión: Madrid

670 ## - FUENTE DE DATOS ENCONTRADOS

  • Cita de la fuente: Work cat.: (OSt)415: JORNADAS INTERNACIONALES SOBRE EL PAPEL DE LA ERGONOMIA EN LA INTRODUCCION DE NUEVAS TECNOLOGICAS EN LA EMPRESA, PROBLEMAS Y SOLUCIONES 1988 Madrid, <La> ergonomía en la introducción de nuevas tecnologías en la empresa /, D.L. 1989

Powered by Koha